Ove Arup & Partners, 1946-1986.

Bibliographic Details
Format: Book
Language:English
Published: London : New York : Academy ; St. Martin's, 1986.
Subjects:

MARC

Tag First Indicator Second Indicator Subfields
LEADER 00000cam a2200000 a 4500
001 in00000008295
005 20151002090011.0
008 870917s1986 enka 00000 eng d
010 |a  86042919  
020 |a 0856708984 
020 |a 0312000944 
035 |a (OCoLC)16704422 
035 |9 AAA0673AM 
040 |a FLL  |c FLL  |d IXA  |d TXA  |d UtOrBLW 
050 4 |a NA997.A84  |b O84 1986 
245 0 0 |a Ove Arup & Partners, 1946-1986. 
264 1 |a London :  |b Academy ;  |a New York :  |b St. Martin's,  |c 1986. 
300 |a 216 pages :  |b illustrations (some color) ;  |c 32 x 32 cm. 
336 |a text  |b txt  |2 rdacontent 
337 |a unmediated  |b n  |2 rdamedia 
338 |a volume  |b nc  |2 rdacarrier 
610 2 0 |a Ove Arup & Partners. 
650 0 |a Engineering firms  |x Pictorial works. 
740 0 |a Ove Arup and Partners. 
999 |a MARS 
999 f f |s a3dfa450-2e18-3342-8286-2b2d675bf767  |i 30421085-3be0-353b-82af-de10fee43fe0  |t 0 
952 f f |p ric  |a Texas A&M University  |b Rellis Campus  |c Joint Library Facility  |d Remote Storage  |t 0  |e NA997.A84 O84 1986  |h Library of Congress classification  |i unmediated -- volume  |m A14812544863 
998 f f |a NA997.A84 O84 1986  |t 0  |l Remote Storage